000 00351nam a2200133 i 4500
001 bg
100 1 _aMALEWICZ, J.
245 0 _aWybrane układy energetyczne z zastosowaniem turbo zespołów gazowniczych /
_cW. Malewicz.
260 _aSzczecin,
_c1989.
040 _cBPK
041 _apol
942 _cKS
008 s pl f |000 0 pol
999 _c29171
_d29171
856 _uhttp://koha.tu.koszalin.pl/cgi-bin/koha/opac-detail.pl?biblionumber=29171
_yKatalog online BPK